000 00420pab a2200157 454500
008 180718b2004 xxu||||| |||| 00| 0 eng d
100 _aLu, Haoran
245 _aBudget change in Georgia counties: examining patterns and practices
260 _c2004
300 _ap.67-93.
362 _aMar
650 _aBudget
700 _aFacer, Rex L., II
773 _aAmerican Review of Public Administration
909 _a64991
999 _c64991
_d64991